000 00410nam a2200169Ia 4500
008 230711s9999||||xx |||||||||||||| ||und||
041 _aENG
082 _a621
_bBO-E
100 _aBogart,Theodore F
245 0 _aElectronic device and circuit
250 _a6th Ed.
260 _c2006
_aNew Delhi
_bPearson
300 _a877
650 _aElectronics Engineering
700 _aBeasley,Jeffrey S
942 _cBK
999 _c4558
_d4558